| 000 | 00816nam a22002777a 4500 | ||
|---|---|---|---|
| 001 | 21555 | ||
| 003 | BD-RjUL | ||
| 005 | 20211209000712.0 | ||
| 008 | 140304s1998 bg 000 0 eng d | ||
| 020 | _a9844830052 | ||
| 035 | _aBD-RjUL) 21619 | ||
| 040 |
_aDLC _cDLC _beng _dBD-RjUL |
||
| 041 | 1 |
_aeng _hben |
|
| 082 | 0 | 0 |
_a891.441 _bSAV 1968 |
| 100 | 1 |
_aSaif, hayat _966567 |
|
| 245 | 1 | 4 |
_aThe voice of Hayat Saif : _bselected poems / _cwith an introduction by Syed Manzoorul Islam. |
| 260 |
_aDhaka : _bDibya Prakash, _c1998. |
||
| 300 |
_a112 p. ; _c23 cm. |
||
| 500 | _aPoems. | ||
| 600 | 1 | 0 |
_aSāipha, Hāẏāt̲. _966572 |
| 700 | 1 |
_aIslam. Syed Manzoorul _966569 |
|
| 942 |
_2ddc _cBK |
||
| 999 |
_c21555 _d21555 |
||